| 000 | 00519nas a2200217 a 4500 | ||
|---|---|---|---|
| 999 |
_c2614 _d2614 |
||
| 006 | smr|p|r|||| 00| 01 | ||
| 007 | ta | ||
| 008 | 200630c20139999ii mr|p| |||| 00| a1eng d | ||
| 040 |
_aKO _beng |
||
| 041 | 0 | _aeng | |
| 044 | _aii | ||
| 082 | 0 | 4 |
_223 _a052 _bM3172 |
| 245 | 1 | 0 | _aManorama Tell Me Why |
| 260 |
_aKottayam : _bM.M. Publication Ltd., _c2013-- |
||
| 300 |
_a-v : _bcol. ill. ; _c19 cm |
||
| 310 |
_aMonthly _b(2013)- |
||
| 650 | 0 |
_aCompetition _vPeriodical |
|
| 904 | _aReshma_R | ||
| 942 | _cPE | ||